El atlas de las nubes / (Registro nro. 6434)
[ vista simple ]
| 000 -LEADER | |
|---|---|
| fixed length control field | 02011nam a22003377a 4500 |
| 003 - CONTROL NUMBER IDENTIFIER | |
| control field | OSt |
| 005 - DATE AND TIME OF LATEST TRANSACTION | |
| control field | 20250416100719.0 |
| 007 - PHYSICAL DESCRIPTION FIXED FIELD--GENERAL INFORMATION | |
| fixed length control field | ta |
| 008 - FIXED-LENGTH DATA ELEMENTS--GENERAL INFORMATION | |
| fixed length control field | 200204s2012 ck ||||er|||| 00| f spa d |
| 020 ## - INTERNATIONAL STANDARD BOOK NUMBER | |
| International Standard Book Number | 9786074009163 |
| 040 ## - CATALOGING SOURCE | |
| Original cataloging agency | CO-JMCR |
| Transcribing agency | CO-JMCR |
| 041 1# - LANGUAGE CODE | |
| Language code of text/sound track or separate title | spa |
| Language code of original | eng |
| 082 ## - DEWEY DECIMAL CLASSIFICATION NUMBER | |
| Classification number | A-N |
| Item number | MITa |
| 100 1# - MAIN ENTRY--PERSONAL NAME | |
| Personal name | Mitchell, David, |
| Relator term | autor |
| 9 (RLIN) | 175 |
| 245 13 - TITLE STATEMENT | |
| Title | El atlas de las nubes / |
| Statement of responsibility, etc. | David Mitchell ; traducción de Victor V. Úbeda |
| 246 00 - VARYING FORM OF TITLE | |
| Title proper/short title | Todo está conectado |
| 250 ## - EDITION STATEMENT | |
| Edition statement | Primera edición |
| 260 ## - PUBLICATION, DISTRIBUTION, ETC. | |
| Place of publication, distribution, etc. | México : |
| Name of publisher, distributor, etc. | Duomo Ediciones ; Oceano, |
| Date of publication, distribution, etc. | 2012 |
| 300 ## - PHYSICAL DESCRIPTION | |
| Extent | 599 páginas ; |
| Dimensions | 22 cm. |
| 490 0# - SERIES STATEMENT | |
| Series statement | Nefelibata |
| 500 ## - GENERAL NOTE | |
| General note | Incluye datos biográficos del autor en solapa posterior. |
| 500 ## - GENERAL NOTE | |
| General note | Título original: Cloud atlas |
| 520 ## - SUMMARY, ETC. | |
| Summary, etc. | ¿Puede el amor, el poder del bien incluso en la adversidad, perdurar más allá de la vida que conocemos y prolongarse a través de siglos y lugares? Seis vidas se entrecruzan aquí de forma inesperada a fin de dibujar un mundo, profético y extraño a la vez, en el que la historia se puede reescribir. Los seis protagonistas de la novela, ajenos a la trascendencia de sus acciones, tienen un papel mucho más relevante en la posteridad de lo que pueden imaginar, en escenarios tan disimiles como un viaje por la Polinesia a bordo de un galeón en el siglo XIX, la California de los años sesenta, o una isla en un futuro postapocalíptico. Todos ellos comparten un destino común, el afán de poder que se sucede una civilización tras otra, y la búsqueda del amor como salvación. David Mitchell construye una aventura épica en la que no sólo todo está conectado, sino en la que también los gestos individuales pueden llegar a ser el germen de grandes revoluciones. |
| 546 ## - LANGUAGE NOTE | |
| Language note | Traducido del inglés |
| 650 ## - SUBJECT ADDED ENTRY--TOPICAL TERM | |
| Topical term or geographic name entry element | Novela inglesa |
| 9 (RLIN) | 193 |
| 650 ## - SUBJECT ADDED ENTRY--TOPICAL TERM | |
| Topical term or geographic name entry element | Novela de ciencia ficción |
| 9 (RLIN) | 194 |
| 650 ## - SUBJECT ADDED ENTRY--TOPICAL TERM | |
| Topical term or geographic name entry element | Novela histórica |
| 9 (RLIN) | 186 |
| 650 ## - SUBJECT ADDED ENTRY--TOPICAL TERM | |
| Topical term or geographic name entry element | Viajes alrededor del mundo |
| 9 (RLIN) | 195 |
| 700 1# - ADDED ENTRY--PERSONAL NAME | |
| Personal name | Úbeda, Víctor V., |
| Relator term | traductor |
| 9 (RLIN) | 176 |
| 942 ## - ADDED ENTRY ELEMENTS (KOHA) | |
| Source of classification or shelving scheme | Dewey Decimal Classification |
| Koha item type | Books |
| Withdrawn status | Lost status | Source of classification or shelving scheme | Damaged status | Not for loan | Collection code | Home library | Current library | Shelving location | Date acquired | Source of acquisition | Cost, normal purchase price | Total Checkouts | Full call number | Barcode | Date last seen | Date last checked out | Copy number | Price effective from | Koha item type |
|---|---|---|---|---|---|---|---|---|---|---|---|---|---|---|---|---|---|---|---|
| Dewey Decimal Classification | Fiction | Biblioteca Pública José María del Castillo y Rada | Biblioteca Pública José María del Castillo y Rada | Processing Center | 12/19/2019 | Donación | 0.00 | 1 | A-N MITa | 201809676 | 07/29/2025 | 07/28/2025 | Ej.1 | 02/04/2020 | Books |